| 000 | 00839nam a22002657a 4500 | ||
|---|---|---|---|
| 001 | 3263 | ||
| 003 | FISKH | ||
| 005 | 20240222140649.0 | ||
| 008 | 240222b cb ||||| |||| 00| 0 eng d | ||
| 020 | _a9781447299509 | ||
| 040 |
_aFISKH _beng _cFISKH _dFISKH |
||
| 082 | _a563 | ||
| 100 | _aDale, Jenny | ||
| 245 |
_aLily the lost puppy / _cBy Jenny Dale ; Illustrated by Frank Rodgers |
||
| 250 | _aThis edition published in 2015 | ||
| 260 |
_aLondon : _bMacmillan, _c1999 |
||
| 300 |
_a60 pages : _billustrations ; _c20 cm |
||
| 505 | _aN | ||
| 520 | _aWhen Lily's family moves, they leave her behind by mistake. Will Lily ever see her family again? | ||
| 521 | 8 |
_a560
_bLexile estimate |
|
| 521 | 8 |
_aN
_bRaz-Plus |
|
| 650 |
_aAnimal _vFiction |
||
| 700 |
_aRodgers, Frank _eillustrator |
||
| 942 |
_2ddc _cBK _n0 |
||
| 999 |
_c3263 _d3263 |
||